书目信息 |
| 题名: |
生态经济学
|
|
| 作者: | 唐建荣 主编 | |
| 分册: | ||
| 出版信息: | 北京 化学工业出版社 2005 |
|
| 页数: | 330页 | |
| 开本: | 24cm | |
| 丛书名: | 生态学热点研究丛书 | |
| 单 册: | ||
| 中图分类: | F062.2 | |
| 科图分类: | ||
| 主题词: | 生态经济学--研究 , 生态经济学 | |
| 电子资源: | ||
| ISBN: | 7-5025-6515-9 | |
| 000 | 00967oam2 2200265 450 | |
| 001 | 012007614011 | |
| 005 | 20070522171341.26 | |
| 010 | @a7-5025-6515-9@dCNY43.00 | |
| 100 | @a20070509d2005 km y0chiy0120 ea | |
| 101 | 0 | @achi |
| 102 | @aCN@b110000 | |
| 105 | @ay z 000yy | |
| 106 | @ar | |
| 200 | 1 | @a生态经济学@Asheng tai jing ji xue@f唐建荣主编@Ftang jian rong zhu bian |
| 210 | @a北京@c化学工业出版社@d2005 | |
| 215 | @a330页@d24cm | |
| 225 | 2 | @a生态学热点研究丛书 |
| 330 | @a本书揭示了生态经济思想形成和发展的路径,探讨了生态经济系统物质循环和能量流动的一般规律。全书采用图文并茂的形式,通过荷兰Peel地区自然和农业冲突的动力模型及荷兰森林可持续综合利用管理模式的典型案例,为人类可持续发展提供了宝贵的实践经验。 | |
| 461 | 0 | @12001 @a生态学热点研究丛书 |
| 606 | 0 | @a生态经济学@x研究 |
| 606 | 0 | @a生态经济学 |
| 690 | @aF062.2@v4 | |
| 701 | 0 | @a唐建荣@Atang jian rong@c(生态学)@4主编 |
| 801 | 0 | @aCN@bRULIN@c20070522 |
| 905 | @dF062.2@e65@s8 | |
| 生态经济学/唐建荣主编.-北京:化学工业出版社,2005 |
| 330页;24cm.-(生态学热点研究丛书) |
| ISBN 7-5025-6515-9:CNY43.00 |
| 本书揭示了生态经济思想形成和发展的路径,探讨了生态经济系统物质循环和能量流动的一般规律。全书采用图文并茂的形式,通过荷兰Peel地区自然和农业冲突的动力模型及荷兰森林可持续综合利用管理模式的典型案例,为人类可持续发展提供了宝贵的实践经验。 |
| ● |
| 相关链接 |
|
|
|
|
正题名:生态经济学
索取号:F062.2/65
 
预约/预借
| 序号 | 登录号 | 条形码 | 馆藏地/架位号 | 状态 | 备注 |
| 1 | 0573655 | 205736550 | 第一样本阅览室/ [索取号:F062.2/65] | 在馆 | |
| 2 | 0573656 | 205736569 | 密集书库/ [索取号:F062.2/65] | 在馆 | |
| 3 | 0573657 | 205736578 | 第一借阅区/ [索取号:F062.2/65] | 在馆 | |
| 4 | 0573658 | 205736587 | 第一借阅区/ [索取号:F062.2/65] | 在馆 | |
| 5 | 0573659 | 205736596 | 第一借阅区/ [索取号:F062.2/65] | 在馆 | |
| 6 | 0573660 | 205736603 | 第一借阅区/ [索取号:F062.2/65] | 在馆 | |
| 7 | 0573661 | 205736612 | 密集书库/ [索取号:F062.2/65] | 在馆 | |
| 8 | 0573662 | 205736621 | 第一借阅区/ [索取号:F062.2/65] | 在馆 |